000 00753nam a2200289Ia 4500
005 20260324130305.0
008 008 260324s9999 xx 000 0 eng d
020 _a9780203051450
037 _aEBOOK
040 _aCRL
040 _beng
040 _cCRL
041 _2eng
041 _aeng
084 _qCRL
100 _aM. Elizabeth Vonk; Dong Soo Kim; Marvin D. Feit; Kathleen Ja Sook Bergquist
_91181217
245 0 _aInternational Korean Adoption
245 2 _bA Fifty-Year History of Policy and Practice
260 _bTaylor and Francis
260 _c2007
365 _a
365 _b255
856 _uhttp://www.taylorfrancis.com/books/9780203051450
942 _cEBOOK
999 _c1777264
_d1777264